| 000 | 00683pam a2200253 i 4500 | ||
|---|---|---|---|
| 001 | 2720422 | ||
| 003 | LC | ||
| 005 | 20160222134816.0 | ||
| 008 | 770603s1977 nyu 000 1 eng | ||
| 010 | _a 77009087 | ||
| 020 |
_a0671633058 _c$7.95 |
||
| 040 |
_aDLC _cDLC _dDLC |
||
| 050 | 0 | 0 |
_aPZ 4.A6725 _b.Ar671 1987 |
| 082 | 0 | 0 |
_aFIC _bAr2s 1987 |
| 100 | 1 |
_aArcher, Jeffrey, _d1940- _918143 |
|
| 245 | 1 | 0 |
_aShall we tell the president? _cJeffrey Archer |
| 260 |
_aNew York : _bPocket Books, _cc1987. |
||
| 300 |
_a275 p. ; _c17 cm. |
||
| 562 | _e1 | ||
| 650 |
_aFiction. _9746 |
||
| 906 | 0 |
_a7 _bcbc _corignew _d1 _eocip _f19 _gy-gencatlg |
|
| 942 |
_2lcc _cBK |
||
| 999 |
_c10913 _d10913 |
||